000 00659nam a2200277Ia 4500
005 20260324125907.0
008 008 260324s9999 xx 000 0 eng d
020 _a9780429121470
037 _aEBOOK
040 _aCRL
040 _beng
040 _cCRL
041 _2eng
041 _aeng
084 _qCRL
100 _aGeorg Pflug; M.A.H. Dempster; Gautam Mitra
_91179737
245 0 _aQuantitative Fund Management
260 _bTaylor and Francis
260 _c2008
365 _a
365 _b385
856 _uhttp://www.taylorfrancis.com/books/9780429121470
942 _cEBOOK
999 _c1775386
_d1775386